Courthouses of Colorado - Statistics

General Stats
  • This quiz has been taken 8 times
  • The average score is 31 of 64
Answer Stats
Picture Answer % Correct
Bent
80%
Cheyenne
80%
Delta
80%
Denver
80%
Dolores
80%
Otero
80%
Phillips
80%
Adams
60%
Alamosa
60%
Costilla
60%
Eagle
60%
El Paso
60%
Fremont
60%
Garfield
60%
Hinsdale
60%
Huerfano
60%
Jefferson
60%
Lake
60%
La Plata
60%
Larimer
60%
Ouray
60%
Rio Grande
60%
Washington
60%
Arapahoe
40%
Archuleta
40%
Baca
40%
Boulder
40%
Broomfield
40%
Clear Creek
40%
Conejos
40%
Crowley
40%
Custer
40%
Douglas
40%
Elbert
40%
Gilpin
40%
Grand
40%
Gunnison
40%
Jackson
40%
Kiowa
40%
Kit Carson
40%
Las Animas
40%
Lincoln
40%
Logan
40%
Mesa
40%
Mineral
40%
Moffat
40%
Montezuma
40%
Morgan
40%
Park
40%
Pitkin
40%
Prowers
40%
Pueblo
40%
Rio Blanco
40%
Saguache
40%
San Juan
40%
San Miguel
40%
Sedgwick
40%
Summit
40%
Teller
40%
Weld
40%
Yuma
40%
Chaffee
20%
Montrose
20%
Routt
20%
No matching quizzes found
Score Distribution
Percent of People with Each Score
Percentile by Number Answered
Your Score History
You have not taken this quiz